000 00530cam a2200205 4500
008 090401t1989 xxu||||| |||| 00| 0 eng d
020 _a0333444957
035 _a(Sirsi) u69620
041 _aeng
050 _a333.33025
110 _aRoyal Institution of Chartered Surveyors
_94900
245 _aGeographical directory 1990
260 _aBasingstoke
_bMacMillan
_c1989
300 _axlix,929p. ; 25cm.
350 _a0
650 _aABOUT RICS-RICS MEMBERS
650 _aDIRECTORIES
942 _n0
948 _c04/03/1997
999 _c95218
_d95218